000 00762nam a2200229Ia 4500
003 GCL
008 140319s9999 xx 000 0 ara d
040 _aGCL /
_cGCL
082 0 4 _aق
_b739.2
_bا م
100 1 _aمختار السويفى
245 1 0 _aمجوهرات الفراعنة /
_cمختار السويفى
700 1 _aالدريد ، سيريل
700 1 _aاحمد قدرى
250 _aالاولى
260 _aالقاهرة :
_bالدار الشرقية ،
_c1990
300 _a342 ص ؛
_c24 سم
650 0 4 _aمصر القديمة - تاريخ
650 0 4 _aمجوهرات الفراعنة
650 0 4 _aمصر الفرعونية - الاحجار
650 0 4 _aمجوهرات الفراعنة - صناعة
942 _2ddc
_cBK
999 _c31005
_d31005